Dude Perfect Stereotypes (Updated) - Statistics

General Stats
  • This quiz has been taken 297 times
    135 since last reset
  • The average score is 14 of 26
Answer Stats
Year Stereotype % Correct
2013 Pickup Basketball Stereotypes
76%
2020 Pool Stereotypes
70%
2020 Quarantine Stereotypes
67%
2020 Halloween Stereotypes
66%
2017 Christmas Stereotypes
65%
2015 Driving Stereotypes
63%
2014 Gym Stereotypes
60%
2017 Beach Stereotypes
59%
2016 Softball Stereotypes
59%
2013 Fantasy Football Stereotypes
56%
2013 Golf Stereotypes
56%
2018 Grocery Store Stereotypes
55%
2015 Hunting Stereotypes
55%
2014 Movie Theater Stereotypes
55%
2013 Fishing Stereotypes
53%
2013 Madden Stereotypes
50%
2018 March Madness Stereotypes
48%
2022 New Parent Stereotypes
48%
2014 Restaurant Stereotypes
46%
2015 Super Bowl Stereotypes
46%
2022 Airplane Stereotypes
43%
2022 Wedding Stereotypes
41%
2021 Game Night Stereotypes
40%
2018 Skiing Stereotypes
40%
2019 Camping Stereotypes
39%
2021 Cell Phone Stereotypes
39%
No matching quizzes found
Score Distribution
Percent of People with Each Score
Percentile by Number Answered
Your Score History
You have not taken this quiz since the last reset